000 00613nam a2200181 i 4500
001 94893
003 ES-MaACL
005 20230906181558.0
007 t|
008 050517s1944 sp ||||1| spa d
100 1 _aLucía y Lucía, Angel.
_974576
245 1 0 _aGuía policial
_b: obra filosófico-didáctica /
_cAngel Lucía y Lucía.
260 _aMadrid :
_bDirección General de Seguridad (Casa Alpe),
_c1944.
300 _a238 p., 3 lám. ;
_c21 cm.
500 _aContiene Retrato del Generalísimo.
710 1 _aEspaña.
_bDirección General de Seguridad.
_93784
852 _aES-MaACL
_jF-15221
_bR.21303
999 _c94893
_d94893